All the holy days and holidays : (Record no. 10352)

MARC details
000 -LEADER
fixed length control field 03202cam a22003731i 4500
001 - CONTROL NUMBER
control field 448559
003 - CONTROL NUMBER IDENTIFIER
control field OCoLC
005 - DATE AND TIME OF LATEST TRANSACTION
control field 20210222171313.0
008 - FIXED-LENGTH DATA ELEMENTS--GENERAL INFORMATION
fixed length control field 690110t19681968miu b 000 0 eng
010 ## - LIBRARY OF CONGRESS CONTROL NUMBER
LC control number 68027463
020 ## - INTERNATIONAL STANDARD BOOK NUMBER
International Standard Book Number 0310280605
020 ## - INTERNATIONAL STANDARD BOOK NUMBER
International Standard Book Number 9780310280606
035 ## - SYSTEM CONTROL NUMBER
System control number (OCoLC)448559
040 ## - CATALOGING SOURCE
Original cataloging agency DLC
Language of cataloging eng
Description conventions rda
Transcribing agency DLC
Modifying agency BAKER
-- HNW
-- OKR
-- LS1
-- CIRBC
-- OCLCF
-- ZQP
-- OCLCQ
-- SAJ
-- NLC
-- OCLCQ
-- SJG
-- OCLCQ
-- MQS
-- OCLCQ
-- PTS
-- CIRBC
043 ## - GEOGRAPHIC AREA CODE
Geographic area code n-us---
050 00 - LIBRARY OF CONGRESS CALL NUMBER
Classification number BV4254.3
Item number L818A
082 04 - DEWEY DECIMAL CLASSIFICATION NUMBER
Classification number 252/.6
Item number L818A
092 0# - LOCALLY ASSIGNED DEWEY CALL NUMBER (OCLC)
Classification number 252.6
Item number L818A
100 1# - MAIN ENTRY--PERSONAL NAME
Personal name Lockyer, Herbert.
245 10 - TITLE STATEMENT
Title All the holy days and holidays :
Remainder of title or, Sermons on all national and religious memorial days /
Statement of responsibility, etc. by Dr. Herbert Lockyer.
264 #1 - PRODUCTION, PUBLICATION, DISTRIBUTION, MANUFACTURE, AND COPYRIGHT NOTICE
Place of production, publication, distribution, manufacture Grand Rapids, Mich. :
Name of producer, publisher, distributor, manufacturer Zondervan Publishing House,
Date of production, publication, distribution, manufacture, or copyright notice ©1968.
300 ## - PHYSICAL DESCRIPTION
Extent 283 pages ;
Dimensions 25 cm
336 ## - CONTENT TYPE
Content type term text
Content type code txt
Source rdacontent
337 ## - MEDIA TYPE
Media type term unmediated
Media type code n
Source rdamedia
338 ## - CARRIER TYPE
Carrier type term volume
Carrier type code nc
Source rdacarrier
490 1# - SERIES STATEMENT
Series statement "All" series
504 ## - BIBLIOGRAPHY, ETC. NOTE
Bibliography, etc. note Includes bibliographical references (page 283).
505 0# - FORMATTED CONTENTS NOTE
Formatted contents note For Christmas day : If Christ had not come -- For a Watch Night service : An indelible record -- For New Year's Day : The secret of a happy New Year -- For Valentine Day (Sweetheart Banquet days) : My beloved is mine, and I am his -- For St. Patrick's Day : The shamrock saint -- For Lenten days : The corn of wheat -- For Palm Sunday : Palms and willows -- For Good Friday : The crown of thorns -- For Easter Day : My redeemer liveth -- For April Fool's Day : Fools and their folly -- For Ascension Day : The rapture of the redeemer -- For Pentecost -- Whitsunday : The gospel of Whitsun -- For Mother's Day : The motherhood of God -- For Father's Day : The fatherhood of God -- For Independence Day : The land I love -- For vacation days : The secret of a happy vacation -- For Labor Day : Dignity of labor -- For Harvest Festival day : The harvest home -- For Reformation Day : The monk who shook the world -- for Memorial -- Veteran's Day : Lest we forget -- For Thanksgiving Day : The grace of gratitude -- For Sunday Observance Day : A Sabbath day's journey -- For Missionary Day : Going as he commanded -- For church anniversary day : A story that thrills -- For annual church budget day : Faithful stewardship -- For Youth Challenge Day : A rich young man's regret -- For graduation or baccalaureate day : There go the ships -- For children's dedication day : A little child in the midst -- For pastor's ordination day : Watchwords of the preacher -- For deacons', elders' and church officers' ordination day : The first martyr -- deacon -- For lay sister or deaconess ordination day : A model deaconess -- For communion day : The vesper sigh of memory -- For critical national days : Understanding the times -- For the opening of an evangelistic crusade : The Saviour of souls -- For a funeral : The key of the grave -- For Bible Day : Why we believe the Bible -- For a national day of mourning : A nation with drawn blinds -- For a national election day : The candidate of our choice.
650 #0 - SUBJECT ADDED ENTRY--TOPICAL TERM
Topical term or geographic name entry element Festival-day sermons.
650 #0 - SUBJECT ADDED ENTRY--TOPICAL TERM
Topical term or geographic name entry element Occasional sermons.
650 #0 - SUBJECT ADDED ENTRY--TOPICAL TERM
Topical term or geographic name entry element Sermons, American.
830 #0 - SERIES ADDED ENTRY--UNIFORM TITLE
Uniform title ALL (Series)
942 ## - ADDED ENTRY ELEMENTS (KOHA)
Source of classification or shelving scheme Dewey Decimal Classification
Koha item type Books
Holdings
Withdrawn status Lost status Source of classification or shelving scheme Damaged status Not for loan Collection code Home library Current library Shelving location Date acquired Total Checkouts Full call number Barcode Date last seen Price effective from Koha item type
    Dewey Decimal Classification   Not For Loan Reference Harvest Mission College Harvest Mission College Reference 23.02.2021   REF 252.6 L818A 011967 23.02.2021 23.02.2021 Reference

OPAC Designed and Maintained by HMC Library Team.
Copyright © HMC Library,Greater Noida, UP.
For any Suggestions/Query Contact library via Email:libhmc@gmail.com